Biggest Cities in D.R. Congo - Statistics

General Stats
  • This quiz has been taken 296 times
  • The average score is 6 of 15
Answer Stats
Population City % Correct
8,900,721 Kinshasa
100%
1,630,186 Lubumbashi
86%
1,559,073 Mbuji-Mayi
73%
868,672 Kisangani
65%
377,112 Goma
61%
967,007 Kananga
55%
1,012,053 Bukavu
36%
422,535 Likasi
24%
451,168 Kolwezi
23%
291,338 Matadi
21%
370,328 Kikwit
19%
524,293 Tshikapa
16%
327,837 Bunia
14%
324,236 Mbandaka
14%
337,488 Uvira
7%
No matching quizzes found
Score Distribution
Percent of People with Each Score
Percentile by Number Answered
Your Score History
You have not taken this quiz